Warrior cats claw names - Statistics

General Stats
  • This quiz has been taken 80 times
  • The average score is 22 of 43
Answer Stats
% Correct
Thornclaw
100%
Tigerclaw
100%
Whiteclaw
88%
Blackclaw
75%
Brambleclaw
75%
Red claw
75%
Redclaw
75%
Sharpclaw
75%
GorseclawRc
63%
GorseclawTc
63%
GorseclawWc
63%
Needleclaw
63%
Reedclaw
63%
Thistleclaw
63%
Ferretclaw
50%
Frostclaw
50%
Jayclaw
50%
MudclawShc
50%
MudclawWc
50%
Rippleclaw
50%
Stoneclaw
50%
Tinyclaw
50%
Willowclaw
50%
Amberclaw
38%
Brindleclaw
38%
Bristleclaw
38%
Ebonyclaw
38%
Flipclaw
38%
Foxclaw
38%
Juniperclaw
38%
Muddyclaw
38%
Nettleclaw
38%
Oatclaw
38%
Owlclaw
38%
Plumclaw
38%
Rowanclaw
38%
Shrewclaw
38%
Spireclaw
38%
Troutclaw
38%
Voleclaw
38%
Chiveclaw
25%
Pineclaw
25%
Shell claw
25%
No matching quizzes found
Score Distribution
Percent of People with Each Score
Percentile by Number Answered
Your Score History
You have not taken this quiz